Phan Bội Châu toàn tập
Giới thiệu các tác phẩm văn xuột của Phan Bội Châu giai đoạn 1925 - 1940
Uloženo v:
| Hlavní autor: | |
|---|---|
| Médium: | Kniha |
| Jazyk: | Undetermined |
| Vydáno: |
Huế
Thuận Hóa
2001
|
| Témata: | |
| Tagy: |
Přidat tag
Žádné tagy, Buďte první, kdo otaguje tento záznam!
|
| Thư viện lưu trữ: | Trung tâm Học liệu Trường Đại học Cần Thơ |
|---|
| LEADER | 00748nam a2200241Ia 4500 | ||
|---|---|---|---|
| 001 | CTU_44283 | ||
| 008 | 210402s9999 xx 000 0 und d | ||
| 020 | |b 150.000đ | ||
| 020 | |c 130000 | ||
| 082 | |a 895.9228208 | ||
| 082 | |b Ch125/T.7 | ||
| 100 | |a Phan, Bội Châu | ||
| 245 | 0 | |a Phan Bội Châu toàn tập | |
| 245 | 0 | |c Phan Bội Châu | |
| 260 | |a Huế | ||
| 260 | |b Thuận Hóa | ||
| 260 | |c 2001 | ||
| 520 | |a Giới thiệu các tác phẩm văn xuột của Phan Bội Châu giai đoạn 1925 - 1940 | ||
| 650 | |a Vietnamese literature | ||
| 650 | |x Collections | ||
| 650 | |y 20th century | ||
| 904 | |i Nguyễn Quang Điền | ||
| 980 | |a Trung tâm Học liệu Trường Đại học Cần Thơ | ||